Κατάλογος Βιβλιοθηκών Mediterranean College

Μικροοικονομική Ι (Record no. 1365)

MARC details
000 -LEADER
fixed length control field 01261cam a22001934a 4500
005 - ΗΜΕΡΟΜΗΝΙΑ ΚΑΙ ΩΡΑ ΤΕΛΕΥΤΑΙΑΣ ΕΝΗΜΕΡΩΣΗΣ
Πεδίο ελέγχου 20250605164006.0
008 - FIXED-LENGTH DATA ELEMENTS--GENERAL INFORMATION
Πεδίο ελέγχου σταθερού μήκους 250528s ||||||||||||||||||||||||d
035 ## - SYSTEM CONTROL NUMBER
System control number 15814
020 ## - ISBN
ISBN 9602180137
040 ## - ΠΗΓΗ ΚΑΤΑΛΟΓΟΓΡΑΦΗΣΗΣ
Φορέας πρωτότυπης καταλογογράφησης MC Athens Campus Library
Γλώσσα καταλογογράφησης Ελληνικά, Μοντέρνα (1453-)
Modifying agency MC Athens Campus Library
Κανόνες περιγραφικής καταλογογράφησης AACR2
245 1# - ΤΙΤΛΟΣ ΚΑΙ ΔΗΛΩΣΗ ΥΠΕΥΘΥΝΟΤΗΤΑΣ
Τίτλος Μικροοικονομική Ι
260 ## - PUBLICATION, DISTRIBUTION, ETC.
Name of publisher, distributor, etc. Κριτική - Επιστημονική Βιβλιοθήκη,
Date of publication, distribution, etc. 1990
300 ## - PHYSICAL DESCRIPTION
Extent 632
520 ## - SUMMARY, ETC.
Summary, etc. Βασικές Οικονομικές Έννοιες, Εισαγωγή, Προσφορά και Ζήτηση, Η Θεωρία της Ζήτησης, Καμπύλες Αδιαφορίας, Η Σύγχρονη Θεωρία της Ζήτησης, Εφαρμογές και Προεκτάσεις της Θεωρίας του Καταναλωτή, Παραγωγή και Κόστος, Θεωρία Παραγωγής, Κόστος Παραγωγής, Η Επιχείρηση και ο Κλάδος, Η Επιχείρηση: Το Περιβάλλον και οι Στόχοι της, Τέλειος Ανταγωνισμός, Μονοπώλιο, Μονοπωλιακός Ανταγωνισμός και Ολιγοπώλιο, Παραρτήματα.
700 1# - ΠΡΟΣΘΕΤΗ ΑΝΑΓΡΑΦΗ--ΦΥΣΙΚΟ ΠΡΟΣΩΠΟ
Personal name Chacholiades Miltiades
9 (RLIN) 1816
942 ## - ADDED ENTRY ELEMENTS (KOHA)
Koha item type Books
Holdings
Τύπος τεκμηρίου Βιβλιοθήκη Τρέχουσα τοποθεσία Barcode Αριθμός εισαγωγής Ημερομηνία απόκτησης Ταξιθετικό σύμβολο Αριθμός αντιτύπου Κατάσταση απόσυρσης Κατάσταση χαμένου Κατάσταση κατεστραμμένου Μη δανεισμός Σύνολο δανεισμών Ημερομηνία τελευταίας εμφάνισης Η τιμή ισχύει από
Books MC Athens Campus Library MC Athens Campus Library 9780000013644 2198 05/06/2025 338.5 CHA V.I 1           05/06/2025 05/06/2025

MC Athens Campus Library
Πατησίων 94 & Κοδριγκτώνος 13, 104 34
Πελλήνης 8 & Πατησίων 107, 112 51
Τ: +30 210 8899600

MC Thessaloniki Campus Library
Ίωνος Δραγούμη 21, 54625 | Ίωνος Δραγούμη 15, 54625
Τ: +30 2310 287779 – Τ: +30 2314 440300